|
|
|
|
| LEADER |
00000naa2a2200000 4500 |
| 001 |
661197 |
| 005 |
20260209163730.0 |
| 035 |
|
|
|a (RuTPU)RU\TPU\network\31453
|
| 035 |
|
|
|a RU\TPU\network\31450
|
| 090 |
|
|
|a 661197
|
| 100 |
|
|
|a 20191122d2019 k||y0rusy50 ca
|
| 101 |
0 |
|
|a rus
|
| 102 |
|
|
|a RU
|
| 135 |
|
|
|a drgn ---uucaa
|
| 181 |
|
0 |
|a i
|
| 182 |
|
0 |
|a b
|
| 200 |
1 |
|
|a Моделирование струйного размыва донных отложений затопленной турбулентной струей
|f А. В. Никульчиков, В. К. Никульчиков, В. А. Солоненко
|
| 203 |
|
|
|a Текст
|c электронный
|
| 225 |
1 |
|
|a Физико-химические и микробиологические методы увеличения нефтеотдачи, газо-и конденсатоотдачи, в том числе для месторождений с трудно извлекаемыми запасами. Новые технологии обработки призабойной зоны нефтяных и газовых скважин. Проблемы добычи, подготовки и транспорта высоковязких и высокопарафинистых нефтей, проблемы освоения нефтегазовых месторождений Арктического региона
|
| 300 |
|
|
|a Заглавие с экрана
|
| 320 |
|
|
|a [Библиогр.: с. 720 (2 назв.)]
|
| 333 |
|
|
|a Режим доступа: по договору с организацией-держателем ресурса
|
| 463 |
|
1 |
|0 (RuTPU)RU\TPU\network\31158
|t Иерархические материалы: разработка и приложения для новых технологий и надежных конструкций
|o международный междисциплинарный симпозиум, 1-5 октября 2019 г., Томск, Россия
|o тезисы докладов International Workshop "Multiscale Biomechanics and Tribology of Inorganic and Organic Systems"
|o тезисы докладов международной конференции "Перспективные материалы с иерархической структурой для новых технологий и надежных конструкций"
|o тезисы докладов международной конференции "Химия нефти и газа: добыча, подготовка, транспорт нефти и газа"
|f Российская академия наук (РАН), Сибирское отделение (СО), Институт физики прочности и материаловедения (ИФПМ) ; Институт химии нефти (ИХН)
|v [С. 720]
|d 2019
|
| 610 |
1 |
|
|a электронный ресурс
|
| 610 |
1 |
|
|a труды учёных ТПУ
|
| 610 |
1 |
|
|a моделирование
|
| 610 |
1 |
|
|a размывы
|
| 610 |
1 |
|
|a донные отложения
|
| 610 |
1 |
|
|a турбулентные струи
|
| 610 |
1 |
|
|a резервуары
|
| 610 |
1 |
|
|a гидродинамические характеристики
|
| 700 |
|
1 |
|a Никульчиков
|b А. В.
|c геолог
|c доцент Томского политехнического университета, кандидат физико-математических наук
|f 1987-
|g Андрей Викторович
|3 (RuTPU)RU\TPU\pers\38204
|9 20693
|
| 701 |
|
1 |
|a Никульчиков
|b В. К.
|c специалист в области нефтегазового дела
|c доцент Томского политехнического университета, кандидат технических наук
|f 1952-
|g Виктор Кенсоринович
|3 (RuTPU)RU\TPU\pers\34858
|9 18194
|
| 701 |
|
1 |
|a Солоненко
|b В. А.
|
| 712 |
0 |
2 |
|a Национальный исследовательский Томский политехнический университет
|b Инженерная школа природных ресурсов
|b Отделение нефтегазового дела
|3 (RuTPU)RU\TPU\col\23546
|
| 801 |
|
2 |
|a RU
|b 63413507
|c 20191126
|g RCR
|
| 856 |
4 |
|
|u https://elibrary.ru/item.asp?id=41207404
|
| 942 |
|
|
|c CF
|